| 000 | 00593cam a2200181u 4500 | ||
|---|---|---|---|
| 001 | 000019823 | ||
| 005 | 20200929170143.0 | ||
| 008 | 830302s1937 xxua 000 f eng | ||
| 040 |
_aDO-SdBNP _bspa _cBNPHU |
||
| 100 | 1 |
_aMcKechnie, Neil Kenneth, _d1873- _942309 |
|
| 245 | 1 | 4 |
_aThe saddleroom murder / _cN. K. McKechnie. |
| 260 |
_aPhiladelphia : _bThe Penn Publishing Company, _c1937. |
||
| 300 |
_a307 p. : _bil. ; _c19 cm. |
||
| 650 | 2 | 7 |
_aNovela estadounidense _9262 |
| 650 | 2 | 7 |
_aLiteratura estadounidense _9263 |
| 650 | 2 | 7 |
_aNovelas de misterio _942310 |
| 650 | 2 | 7 |
_aNovelas policĂacas _942311 |
| 999 |
_c19336 _d19336 |
||